Priekopníci vedy a techniky na Slovensku

Enregistré dans:
Détails bibliographiques
Auteur principal: Tibenský, Ján
Format: Livre
Langue:slovaque
Publié: Bratislava Obzor 1986
Édition:1. vyd.
Tags: Ajouter un tag
Pas de tags, Soyez le premier à ajouter un tag!

MARC

LEADER 00000nam a2200000 4500
001 c035839
005 20221128073706.6
041 0 |a slo 
044 |a SK 
245 1 0 |a Priekopníci vedy a techniky na Slovensku  |c Ján Tibenský a kol. 
250 |a 1. vyd. 
264 1 |a Bratislava  |b Obzor  |c 1986 
300 |a 428 s. 
100 1 |a Tibenský, Ján